000 00298nam a22001337a 4500
008 170825b xxu||||| |||| 00| 0 eng d
020 _a9780534522902
041 _aeng
080 _a070
100 _a39
101 _aMED
245 _aPUBLIC RELATIONS WRITING
_cNEWSOM.D
942 _2udc
_cBK
999 _c25068
_d25068